<?xml version="1.0" encoding="UTF-8"?>
<record
    xmlns:xsi="http://www.w3.org/2001/XMLSchema-instance"
    xsi:schemaLocation="http://www.loc.gov/MARC21/slim http://www.loc.gov/standards/marcxml/schema/MARC21slim.xsd"
    xmlns="http://www.loc.gov/MARC21/slim">

  <leader>01020nam a22002057a 4500</leader>
  <controlfield tag="005">20251008143006.0</controlfield>
  <datafield tag="010" ind1=" " ind2=" ">
    <subfield code="a">HIN-130488</subfield>
  </datafield>
  <datafield tag="020" ind1=" " ind2=" ">
    <subfield code="a">9789387932395</subfield>
  </datafield>
  <datafield tag="035" ind1=" " ind2=" ">
    <subfield code="a">HN-102834</subfield>
  </datafield>
  <datafield tag="037" ind1=" " ind2=" ">
    <subfield code="b">DBAD</subfield>
    <subfield code="a">1</subfield>
  </datafield>
  <datafield tag="082" ind1=" " ind2=" ">
    <subfield code="a">821</subfield>
    <subfield code="2">&#x92A;&#x94D;&#x930;&#x925;&#x92E; </subfield>
    <subfield code="b">1</subfield>
  </datafield>
  <datafield tag="100" ind1=" " ind2=" ">
    <subfield code="a">&#x92A;&#x93E;&#x923;&#x94D;&#x921;&#x947;&#x92F; &#x938;&#x941;&#x928;&#x940;&#x924;&#x93E; </subfield>
    <subfield code="9">85436</subfield>
  </datafield>
  <datafield tag="245" ind1=" " ind2=" ">
    <subfield code="a">'&#x92A;&#x925;&#x939;&#x93E;&#x930;&#x93E;' &#x915;&#x940; &#x916;&#x94B;&#x91C; &#x92E;&#x947;&#x902;:</subfield>
    <subfield code="c">&#x938;&#x941;&#x928;&#x940;&#x924;&#x93E; &#x92A;&#x93E;&#x923;&#x94D;&#x921;&#x947;&#x92F; &#x914;&#x930; &#x938;&#x94D;&#x935;&#x93E;&#x92E;&#x940;&#x928;&#x93E;&#x925; &#x92A;&#x93E;&#x923;&#x94D;&#x921;&#x947;&#x92F;,</subfield>
    <subfield code="h">&#x939;&#x93F;&#x902;&#x926;&#x940; </subfield>
    <subfield code="b">&#x938;&#x92E;&#x940;&#x915;&#x94D;&#x937;&#x93E; :&#x92A;&#x925;&#x939;&#x93E;&#x930;&#x93E;/</subfield>
  </datafield>
  <datafield tag="250" ind1=" " ind2=" ">
    <subfield code="a">&#x92A;&#x94D;&#x930;&#x925;&#x92E; </subfield>
  </datafield>
  <datafield tag="260" ind1=" " ind2=" ">
    <subfield code="a">&#x926;&#x93F;&#x932;&#x94D;&#x932;&#x940; </subfield>
    <subfield code="b">&#x930;&#x91A;&#x928;&#x93E;&#x915;&#x93E;&#x930; &#x92A;&#x92C;&#x94D;&#x932;&#x93F;&#x936;&#x93F;&#x902;&#x917; &#x939;&#x93E;&#x909;&#x938; </subfield>
    <subfield code="c">2020</subfield>
  </datafield>
  <datafield tag="270" ind1=" " ind2=" ">
    <subfield code="a">&#x921;&#x940;-18, &#x917;&#x932;&#x940; &#x928;&#x902;&#x92C;&#x930;-9,&#x91C;&#x917;&#x924;&#x92A;&#x941;&#x930;&#x940; &#x935;&#x93F;&#x938;&#x94D;&#x924;&#x93E;&#x930; </subfield>
    <subfield code="b">&#x936;&#x93E;&#x939;&#x926;&#x930;&#x93E; </subfield>
    <subfield code="e">110093</subfield>
    <subfield code="k">9910143493</subfield>
  </datafield>
  <datafield tag="300" ind1=" " ind2=" ">
    <subfield code="a">143 &#x92A;&#x943;.</subfield>
    <subfield code="c">22 &#x938;&#x947;&#x92E;&#x940; (&#x938;&#x91C;&#x93F;&#x932;&#x94D;&#x926; )</subfield>
  </datafield>
  <datafield tag="700" ind1=" " ind2=" ">
    <subfield code="a">&#x92A;&#x93E;&#x923;&#x94D;&#x921;&#x947;&#x92F; &#x938;&#x94D;&#x935;&#x93E;&#x92E;&#x940;&#x928;&#x93E;&#x925; </subfield>
    <subfield code="9">85437</subfield>
  </datafield>
  <datafield tag="942" ind1=" " ind2=" ">
    <subfield code="2">ddc</subfield>
    <subfield code="c">HN</subfield>
    <subfield code="h">821 </subfield>
    <subfield code="m">&#x92A;&#x93E;&#x923;&#x94D;&#x921;&#x947;&#x92F; </subfield>
  </datafield>
  <datafield tag="999" ind1=" " ind2=" ">
    <subfield code="c">213620</subfield>
    <subfield code="d">213620</subfield>
  </datafield>
  <datafield tag="952" ind1=" " ind2=" ">
    <subfield code="0">0</subfield>
    <subfield code="1">0</subfield>
    <subfield code="4">0</subfield>
    <subfield code="7">1</subfield>
    <subfield code="a">DBAD</subfield>
    <subfield code="b">DBAD</subfield>
    <subfield code="d">2025-10-08</subfield>
    <subfield code="e">Delivery of Books Act Division</subfield>
    <subfield code="g">200.00</subfield>
    <subfield code="l">0</subfield>
    <subfield code="o">821  &#x92A;&#x93E;&#x923;&#x94D;&#x921;&#x947;&#x92F; </subfield>
    <subfield code="p">HN-102834</subfield>
    <subfield code="r">2025-10-08 00:00:00</subfield>
    <subfield code="t"> 1</subfield>
    <subfield code="v">200.00</subfield>
    <subfield code="w">2025-10-08</subfield>
    <subfield code="y">HN</subfield>
  </datafield>
</record>
